Library Banner

Mudakhal ila Islamiya maroof/ (Record no. 93421)

MARC details
000 -LEADER
fixed length control field 00432nam a22001577a 4500
005 - DATE AND TIME OF LATEST TRANSACTION
control field 20170511151252.0
008 - FIXED-LENGTH DATA ELEMENTS--GENERAL INFORMATION
fixed length control field 170511b xxu||||| |||| 00| 0 eng d
020 ## - INTERNATIONAL STANDARD BOOK NUMBER
International Standard Book Number 0192463600
040 ## - CATALOGING SOURCE
Transcribing agency PK-LaUMT
082 ## - DEWEY DECIMAL CLASSIFICATION NUMBER
Classification number ZIAC 297.01
Item number EMA-M
100 ## - MAIN ENTRY--PERSONAL NAME
Personal name Emad ud Din Khalil
245 ## - TITLE STATEMENT
Title Mudakhal ila Islamiya maroof/
Statement of responsibility, etc Emad ud Din Khalil
260 ## - PUBLICATION, DISTRIBUTION, ETC. (IMPRINT)
Place of publication, distribution, etc بیروت:
Name of publisher, distributor, etc المعھد العالمی،
Date of publication, distribution, etc 1992
300 ## - PHYSICAL DESCRIPTION
Extent 103 ص
942 ## - ADDED ENTRY ELEMENTS (KOHA)
Koha item type Books
Holdings
Withdrawn status Lost status Damaged status Home library Current library Date acquired Full call number Barcode Date last seen Price effective from Koha item type
      UMT Main Campus UMT Main Campus 2017-05-11 ZIAC 297.01 EMA-M 108713 2017-05-11 2017-05-11 Books